000 00918cam a2200277 a 4500
001 000009837
003 UkOxU
005 20200929161727.0
008 880808s1969 sp b 001 p spa d
035 _aoxf98301565
040 _aDO-SdBNP
_dm.c
_dBNPHU
082 _annn
_bM149s, 1969
100 1 _aMachado, Antonio,
_q(Antonio Machado Ruiz)
_d1875-1939.
_924751
245 1 0 _aSoledades :
_bpoesías /
_cAntonio Machado ; edición, estudio y notas de Rafael Ferreres.
250 _a2a ed,
260 _aMadrid :
_bTaurus,
_c1969.
300 _a139 p. ;
_c18 cm.
490 1 _aTemas de España
_v69
505 0 _aDesolaciones y monotonías. -- Del camino. -- Salmodias de abril. -- Humorismos.
650 4 _aPoesía española
_9631
650 4 _aLiteratura española
_9632
700 1 _aFerreres, Rafael.
_eed.
_924752
830 0 _aTemas de España ;
_v69
_96849
910 _aCatalogación derivada
049 _aBNGR
999 _c9596
_d9596